| 000 | 00349nam a2200121Ia 4500 | ||
|---|---|---|---|
| 008 | 220217s9999||||xx |||||||||||||| ||und|| | ||
| 020 | _a978-81-203-1956-1 | ||
| 082 | _a621.395 NAI | ||
| 100 |
_aNair, Somanathan, B _92632 |
||
| 245 | 0 | _aDigital electronics and logic design | |
| 260 |
_aPrentice hall of india _bNew Delhi _c2009 |
||
| 300 | _b250 | ||
| 999 |
_c180231 _d180231 |
||